Diseño y Consumo en la Sociedad contemporánea (Record no. 11345)

MARC details
000 -CABECERA
campo de control de longitud fija 00808nam a2200265 4500
003 - IDENTIFICADOR DEL NÚMERO DE CONTROL
campo de control OSt
005 - FECHA Y HORA DE LA ÚLTIMA TRANSACCIÓN
campo de control 20260530113847.0
008 - DATOS DE LONGITUD FIJA--INFORMACIÓN GENERAL
campo de control de longitud fija 260508b2012 |||a|||| |||| 00| 0 spa d
040 ## - FUENTE DE LA CATALOGACIÓN
Centro catalogador/agencia de origen ICI
Lengua de catalogación spa
Centro/agencia transcriptor ICI
050 ## - SIGNATURA TOPOGRÁFICA DE LA BIBLIOTECA DEL CONGRESO
Número de clasificación NK1520
Número de documento/Ítem G37
100 1# - ENTRADA PRINCIPAL--NOMBRE DE PERSONA
Nombre de persona González Ochoa, César
9 (RLIN) 10114
245 10 - MENCIÓN DE TÍTULO
Título Diseño y Consumo en la Sociedad contemporánea
264 #1 - PRODUCCIÓN, PUBLICACIÓN, DISTRIBUCIÓN, FABRICACIÓN Y COPYRIGHT
Nombre del de productor, editor, distribuidor, fabricante Designio Libros de Diseño
Fecha de producción, publicación, distribución, fabricación o copyright 2012
Producción, publicación, distribución, fabricación y copyright México
300 ## - DESCRIPCIÓN FÍSICA
Extensión 105 páginas
336 ## - TIPO DE CONTENIDO
Término de tipo de contenido texto
Fuente rdacontent
337 ## - TIPO DE MEDIO
Nombre/término del tipo de medio sin medio
Fuente rdamedia
338 ## - TIPO DE SOPORTE
Nombre/término del tipo de soporte volumen
Fuente rdacarrier
650 ## - PUNTO DE ACCESO ADICIONAL DE MATERIA--TÉRMINO DE MATERIA
Término de materia o nombre geográfico como elemento de entrada Diseño industrial
9 (RLIN) 15218
650 ## - PUNTO DE ACCESO ADICIONAL DE MATERIA--TÉRMINO DE MATERIA
Término de materia o nombre geográfico como elemento de entrada Globalización
9 (RLIN) 30881
650 ## - PUNTO DE ACCESO ADICIONAL DE MATERIA--TÉRMINO DE MATERIA
Término de materia o nombre geográfico como elemento de entrada Diseño
Subdivisión general Filosofía
9 (RLIN) 30882
650 ## - PUNTO DE ACCESO ADICIONAL DE MATERIA--TÉRMINO DE MATERIA
Término de materia o nombre geográfico como elemento de entrada Diseño y tecnología
9 (RLIN) 30883
650 ## - PUNTO DE ACCESO ADICIONAL DE MATERIA--TÉRMINO DE MATERIA
Término de materia o nombre geográfico como elemento de entrada Diseño
Subdivisión general Aspectos sociales
9 (RLIN) 30884
700 ## - PUNTO DE ACCESO ADICIONAL--NOMBRE DE PERSONA
Nombre de persona Raúl Torres Maya
Término indicativo de función/relación Autor
9 (RLIN) 30885
942 ## - ELEMENTOS DE PUNTO DE ACCESO ADICIONAL (KOHA)
Fuente del sistema de clasificación o colocación Library of Congress Classification
Tipo de ítem Koha
Suprimir en OPAC 1

No items available.